Years The NBA Teams Came #2 - Statistics

General Stats
  • This quiz has been taken 4 times
  • The average score is 10 of 15
Answer Stats
Hint Answer % Correct
Minnesota Timberwolves 1989
100%
Sacramento Kings 1945
75%
Los Angeles Lakers 1946
75%
Golden State Warriors 1946
75%
Oklahoma City Thunder 1967
75%
Houston Rockets 1967
75%
Denver Nuggets 1967
75%
Los Angeles Clippers 1970
75%
Utah Jazz 1974
75%
Memphis Grizzlies 1995
75%
San Antonio Spurs 1967
50%
Phoenix Suns 1968
50%
Portland Trail Blazers 1970
50%
Dallas Mavericks 1980
50%
New Orleans Pelicans 1988
50%
No matching quizzes found
Score Distribution
Percent of People with Each Score
Percentile by Number Answered
Your Score History
You have not taken this quiz